000
00315nam a22001337a 4500
008
170413b xxu||||| |||| 00| 0 eng d
020
_a
9780838586143
041
_a
eng
080
_2
6 ED
_a
618
100
_a
10
101
_a
SHM
245
_a
SONGRRAPHY IN OBSTETRICS GYNECOLOGY
_c
FLEISCHER.A.C
942
_2
udc
_c
BK
999
_c
10603
_d
10603